Vista normal Vista MARC

Entrada Topical Term

Número de registros utilizados en: 6

001 - CONTROL NUMBER

  • control field: 10236

003 - CONTROL NUMBER IDENTIFIER

  • control field: OSt

005 - DATE AND TIME OF LATEST TRANSACTION

  • control field: 20200915085619.0

008 - FIXED-LENGTH DATA ELEMENTS

  • fixed length control field: 200915|| aca||aabn | a|a d

040 ## - CATALOGING SOURCE

  • Original cataloging agency: OSt
  • Transcribing agency: OSt

150 ## - HEADING--TOPICAL TERM

  • Topical term or geographic name entry element: Asesinato en la literatura

670 ## - SOURCE DATA FOUND

  • Source citation: Work cat.: (OSt)3472: Süskind, Patrick, 1949 autor 10235, Perfume :, 2001